• 首页
  • 本馆介绍
  • 公告通知
  • 最新文献
  • 馆藏检索
  • 电子资源
  • 读者导购
  • 参考咨询
  • 我的图书馆
  • 登录
  • 详细信息显示
  • 放入我的书架
  • 预约/预借图书
  • 作者相关作品
  • 分类相关作品
  • 丛书相关作品
  • 出版社相关作品

书目信息

  • 表格格式
  • 工作单格式
  • 卡片格式
题名:
生活:体验的智慧
    
 
作者: 车建新 , 钱莊 著
分册:  
出版信息: 北京   中国友谊出版公司  2017
页数: 178页
开本: 23cm
丛书名:
单 册:
中图分类: F426.9
科图分类:
主题词: 建筑装饰业--工业企业管理--经验--中国
电子资源:
ISBN: 978-7-5057-4190-4
000 01289nam0 2200277 450
001 012001000323
005 20140920091301.0
010    @a978-7-5057-4190-4@dCNY33.00
100    @a20171116d2017 em y0chiy50 ea
101 0  @achi
102    @aCN@b110000
105    @ay z 000yy
106    @ar
200 1  @a生活:体验的智慧@9Sheng Huo:ti Yan De Zhi Hui@dThe wisdom of experience@f车建新,钱莊著@zeng
210    @a北京@c中国友谊出版公司@d2017
215    @a178页@d23cm
314    @a车建新,创业企业家,红星美凯龙集团董事长兼CEO,亲手创立了中国家居流通业领军品牌“红星美凯龙”,拥有30年公司管理经验。曾获中国优秀企业家等荣誉。
314    @a钱莊,东方财经频道《艺品生活》栏目制片人、上海映日堂文化传播创始人、红星美凯龙集团顾问。曾以笔名石花雨出版个人文集《心城》《烟水集》等著作。
330    @a本书讲述31年前,一个小木匠借款开了一家小小的家具厂;31年后,他的企业已成为超级家居帝国。红星美凯龙创始人车建新的成长经历仿佛一个现代商业童话。在这部书中,车建新从学习和体验、心态平衡、生活感悟中,告诉我们智慧源自生活。
510 1  @aWisdom of experience@zeng
606 0  @a建筑装饰业@x工业企业管理@x经验@y中国
690    @aF426.9@v5
701  0 @a车建新@9Che Jian Xin@4著
701  0 @a钱莊@9Qian Zhuang@4著
801  0 @aCN@b上海新华@c20180901
905    @b1150094-98@dF426.9@e173@f5
    
    生活:体验的智慧=The wisdom of experience/车建新,钱莊著.-北京:中国友谊出版公司,2017
    178页;23cm
    
    
    ISBN 978-7-5057-4190-4:CNY33.00
    本书讲述31年前,一个小木匠借款开了一家小小的家具厂;31年后,他的企业已成为超级家居帝国。红星美凯龙创始人车建新的成长经历仿佛一个现代商业童话。在这部书中,车建新从学习和体验、心态平衡、生活感悟中,告诉我们智慧源自生活。
●
相关链接 在E读中查询图书 在五车中查询图书 在当当中查询图书 在豆瓣中查询图书


正题名:生活:体验的智慧     索取号:F426.9/173         预约/预借

序号 登录号 条形码 馆藏地/架位号 状态 备注
1 1150094   211500945   第一样本阅览室/ [索取号:F426.9/173] 在馆    
2 1150095   211500954   第一借阅区/ [索取号:F426.9/173] 在馆    
3 1150096   211500963   第一借阅区/ [索取号:F426.9/173] 在馆    
4 1150097   211500972   第一借阅区/ [索取号:F426.9/173] 在馆    
5 1150098   211500981   密集书库-海洋学院/ [索取号:F426.9/173] 在馆    
唐山师范学院图书馆 欢迎您!
大连网信软件有限公司© 版权所有